[Event "CZE-chT U18 Extraliga West 1718"]
[Site "Czech Republic"]
[Date "2017.10.08"]
[Round "3.5"]
[White "Svacina, Tobias"]
[Black "Spachta, Vitek"]
[Result "0-1"]
[WhiteElo "1457"]
[BlackElo "1202"]
[PlyCount "104"]
[EventDate "2017.10.07"]
[EventType "team-tourn"]
[EventRounds "11"]
[EventCountry "CZE"]
[SourceTitle "EXT 2023"]
[Source "ChessBase"]
[SourceDate "2022.10.05"]
[SourceVersion "1"]
[SourceVersionDate "2022.10.05"]
[SourceQuality "1"]
[WhiteTeam "Praha Promat Oaza (U18)"]
[BlackTeam "Praha Bohemians (U18)"]
[WhiteTeamCountry "CZE"]
[BlackTeamCountry "CZE"]

1. e4 e5 2. Nc3 Nf6 3. f4 d6 4. Nf3 Nc6 5. Bc4 Be7 6. d3 Be6 7. Bb3 0-0 8. 0-0 Qd7 9. f5 Bxb3 10. axb3 d5 11. Qe1 d4 12. Ne2 Rad8 13. Qg3 Nh5 14. Qg4 g6 15. Bg5 Bxg5 16. Qxg5 Qd6 17. Ng3 Qf6 18. Nxh5 Qxg5 19. Nxg5 gxh5 20. f6 Rd6 21. Rf5 h6 22. Nf3 Kh7 23. Rf1 Re8 24. g3 Ree6 25. Kh1 Kg6 26. Nh4+ Kh7 27. Kg2 Nb4 28. R5f2 Rc6 29. Ra1 a6 30. Nf5 Nxc2 31. Raf1 Ne3+ 32. Nxe3 dxe3 33. Re2 Rxf6 34. Rxf6 Rxf6 35. Rxe3 Rb6 36. Rf3 Kg6 37. Rf2 Rxb3 38. Rc2 c6 39. Rd2 a5 40. h4 a4 41. Kf2 a3 42. bxa3 Rxa3 43. Rb2 Ra7 44. Ke2 f5 45. Kf3 fxe4+ 46. Kxe4 Kf6 47. Rb4 Ke6 48. Kf3 b5 49. g4 hxg4+ 50. Kxg4 Kf6 51. Kh5 Ra4 52. Rb1 Rd4 0-1